অবিভক্ত পুরুলিয়ার জাতীয়তাবাদী আন্দোলন, ফিরে দেখা / ১৯২১-১৯৪৭,
Articles on nationalistic protest movements in Purulia District of West Bengal, India between 1921 and 1947.
| 第一著者: | |
|---|---|
| フォーマット: | 図書 |
| 言語: | Bengali English |
| 出版事項: |
কলকাতা :
সুহৃদ পাবলিকেশন,
২০০৮.
|
| 版: | দ্বিতীয় সংস্করণ |
| 主題: | |
| Classic Catalogue: | View this record in Classic Catalogue |
| LEADER | 02053nam a2200385 a 4500 | ||
|---|---|---|---|
| 001 | 19131 | ||
| 003 | BD-DhAAL | ||
| 005 | 20230621103440.0 | ||
| 008 | 090429s2008 ii b 001 0 beno | ||
| 010 | |a 2009312460 | ||
| 025 | |a I-B-2009-312460; 21 | ||
| 037 | |b Library of Congress -- New Delhi Overseas Office |c Rs120.00 | ||
| 040 | |a DLC |c DLC |d DLC |d BD-DhAAL | ||
| 041 | 0 | |a ben |a eng | |
| 042 | |a lcode | ||
| 043 | |a a-ii--- | ||
| 050 | 0 | 0 | |a DS485.P95 |b D32 2008 |
| 082 | |a 320.540954 |2 23 | ||
| 100 | 1 | |a ডাব, জয়ন্ত কুমার. |9 54846 | |
| 245 | 1 | 0 | |a অবিভক্ত পুরুলিয়ার জাতীয়তাবাদী আন্দোলন, |n ১৯২১-১৯৪৭, |b ফিরে দেখা / |c জয়ন্ত কুমার ডাব. |
| 246 | 1 | |i Title on t.p. verso: |a Abivakta Puruliar jatiyatabadi andolan, 1921-1947, fire dekha | |
| 250 | |a দ্বিতীয় সংস্করণ | ||
| 260 | |a কলকাতা : |b সুহৃদ পাবলিকেশন, |c ২০০৮. | ||
| 300 | |a xi, ১৮৪ পৃষ্ঠা : |b মানচিত্র ; |c ২৩ সে.মি. | ||
| 504 | |a গ্রন্থপঞ্জিগত নির্দেশিকা (পৃষ্ঠা ১৭০-১৭৯) নির্ঘণ্ট অন্তর্ভুক্ত। | ||
| 520 | |a Articles on nationalistic protest movements in Purulia District of West Bengal, India between 1921 and 1947. | ||
| 541 | |e 19131 | ||
| 546 | |a In Bengali; includes passages in English. | ||
| 650 | 0 | |a Nationalism |z India |z Purūlia (District) |x History. |9 54847 | |
| 650 | 0 | |a Protest movements |z India |z Purūlia (District) |x History. |9 54848 | |
| 651 | 0 | |a Purulia (India : District) |x Politics and government. |9 54849 | |
| 852 | |a Ayesha Abed Library |c General Stacks | ||
| 942 | |2 ddc |c BK | ||
| 999 | |c 45913 |d 45913 | ||
| 952 | |0 0 |1 0 |2 ddc |4 0 |6 320_540954000000000_DAB |7 0 |9 73851 |a BIGD |b BIGD |c GEN |d 2023-06-21 |g 120.00 |l 0 |o 320.540954 DAB |p 3050019131 |r 2023-06-21 |t 1 |w 2023-06-21 |y BK |x Transferred from BDI to BIGD. | ||